Prophets of our Times (Record no. 21013)

MARC details
000 -LEADER
fixed length control field 00317nam a22001337a 4500
082 ## - DEWEY DECIMAL CLASSIFICATION NUMBER
Classification number 291.454 FOR
100 ## - MAIN ENTRY--AUTHOR NAME
Author name Forum of Religious for Justice and Peace(FORUM)
245 ## - TITLE STATEMENT
Title Prophets of our Times
260 ## - PUBLICATION, DISTRIBUTION, ETC. (IMPRINT)
Place of publication Delhi
Name of publisher Media House
Year of publication 2012
300 ## - PHYSICAL DESCRIPTION
Number of Pages 76
650 ## - SUBJECT ADDED ENTRY--TOPICAL TERM
Topical Term Saints-India
942 ## - ADDED ENTRY ELEMENTS (KOHA)
Koha item type Books
Holdings
Home library Current library Shelving location Date acquired Source of acquisition Cost, normal purchase price Full call number Accession Number Koha item type
Henry Martyn Institute Library Henry Martyn Institute Library General stacks 05/11/2018 Director 70.00 291.454 FOR 11003669 Books
                   Copyright © 2026 | Henry Martyn Institute | Hyderabad | TS-500052 | INDIA | Implemented by hmi.edu.in
Hit-Count:

Powered by Koha